La mano encantada : (Record no. 194876)
[ view plain ]
| 000 -LEADER | |
|---|---|
| campo de control de longitud fija | 01796nam a2200457 i 4500 |
| 001 - NÚMERO DE CONTROL | |
| campo de control | 194876 |
| 003 - IDENTIFICADOR DE NÚMERO DE CONTROL | |
| campo de control | SpMaBN |
| 005 - FECHA Y HORA DE LA ÚLTIMA TRANSACCIÓN | |
| campo de control | 20250716034715.0 |
| 007 - CAMPO FIJO DE DESCRIPCIÓN FÍSICA--INFORMACIÓN GENERAL | |
| campo de control de longitud fija | ta |
| 008 - DATOS DE LONGITUD FIJA--INFORMACIÓN GENERAL | |
| campo de control de longitud fija | 240521s1929 sp | |||| 000 j spa |
| 035 ## - NÚMERO DE CONTROL DEL SISTEMA | |
| Número de control de sistema | (OCoLC)733885600 |
| 035 ## - NÚMERO DE CONTROL DEL SISTEMA | |
| Número de control de sistema | a4706981 |
| 040 ## - FUENTE DE CATALOGACIÓN | |
| Centro catalogador/agencia de origen | SpMaBN |
| Lengua de catalogación | spa |
| Centro/agencia transcriptor | SpMaBN |
| Normas de descripción | rdc |
| Centro/agencia modificador | ES-MaACL |
| 080 ## - NÚMERO DE LA CLASIFICACIÓN DECIMAL UNIVERSAL | |
| Número de la Clasificación Decimal Universal | 821.133.1-32"18" |
| 080 ## - NÚMERO DE LA CLASIFICACIÓN DECIMAL UNIVERSAL | |
| Número de la Clasificación Decimal Universal | 929 Nerval, Gérard de (0:82) |
| 100 0# - ENTRADA PRINCIPAL--NOMBRE DE PERSONA | |
| Nombre de persona | Nerval, Gérard de, |
| Fechas asociadas al nombre | 1808-1855 |
| Número de control del registro de autoridad o número normalizado | XX997475 |
| 9 (RLIN) | 85401 |
| 245 13 - MENCIÓN DEL TÍTULO | |
| Título | La mano encantada : |
| Resto del título | (novela completa) / |
| Mención de responsabilidad, etc. | por Gerardo de Nerval. |
| 260 ## - PUBLICACIÓN, DISTRIBUCIÓN, ETC. | |
| Lugar de publicación, distribución, etc. | Madrid : |
| Nombre del editor, distribuidor, etc. | Revista literaria "Novelas y cuentos", |
| Fecha de publicación, distribución, etc. | 1929. |
| 300 ## - DESCRIPCIÓN FÍSICA | |
| Extensión | 31 p. ; |
| Dimensiones | 29 cm |
| 336 ## - TIPO DE CONTENIDO | |
| Fuente | rdacontent |
| Término de tipo de contenido | texto |
| 337 ## - TIPO DE MEDIO | |
| Fuente | rdamedia |
| Nombre/término del tipo de medio | sin mediación |
| 338 ## - TIPO DE SOPORTE | |
| Fuente | rdacarrier |
| Nombre/término del tipo de soporte | volumen |
| 490 1# - MENCIÓN DE SERIE | |
| Mención de serie | Revista literaria "Novelas y cuentos" ; |
| Designación de volumen o secuencia | año 1, n. 38 |
| 505 0# - NOTA DE CONTENIDO CON FORMATO | |
| Nota de contenido con formato | La mano encantada ; Silvia ; Aurelia |
| 655 #0 - TERMINO DE INDIZACIÓN--GENERO/FORMA | |
| Datos o término principal de género/forma | Novelas fantásticas |
| Fuente del término | tgfbne |
| 9 (RLIN) | 236495 |
| 655 #7 - TERMINO DE INDIZACIÓN--GENERO/FORMA | |
| Datos o término principal de género/forma | Novelas autobiográficas |
| Fuente del término | tgfbne |
| 9 (RLIN) | 175819 |
| 655 #7 - TERMINO DE INDIZACIÓN--GENERO/FORMA | |
| Datos o término principal de género/forma | Novelas cortas |
| Fuente del término | tgfbne |
| 9 (RLIN) | 234959 |
| 700 12 - ENTRADA AGREGADA--NOMBRE PERSONAL | |
| Nombre de persona | Nerval, Gérard de, |
| Fechas asociadas al nombre | 1808-1855. |
| Título de la obra | La main de gloire |
| 9 (RLIN) | 236499 |
| 700 #2 - ENTRADA AGREGADA--NOMBRE PERSONAL | |
| Nombre de persona | Nerval, Gérard de, |
| Fechas asociadas al nombre | 1808-1855. |
| Título de la obra | Sylvie |
| 9 (RLIN) | 236500 |
| 700 12 - ENTRADA AGREGADA--NOMBRE PERSONAL | |
| Nombre de persona | Nerval, Gérard de, |
| Fechas asociadas al nombre | 1808-1855. |
| Título de la obra | Aurèlia |
| 9 (RLIN) | 236501 |
| 740 02 - ENTRADA AGREGADA--TÍTULO RELACIONADO/ANALÍTICO NO CONTROLADO | |
| Título relacionado o analítico no controlado | Silvia |
| 740 02 - ENTRADA AGREGADA--TÍTULO RELACIONADO/ANALÍTICO NO CONTROLADO | |
| Título relacionado o analítico no controlado | Aurelia |
| 773 ## - ASIENTO DE ITEM FUENTE | |
| Número bibliográfico anfitrión | 194867 |
| Número de ítem anfitrión | 202503 |
| Parte(s) relacionada(s) | G-15982 |
| Encabezamiento principal | Obras encuadernadas juntas |
| 830 #0 - PUNTO DE ACCESO ADICIONAL DE SERIE-TÍTULO UNIFORME | |
| Título uniforme | Revista literaria "Novelas y cuentos" |
| Designación de volumen o secuencia | año 1, n. 38 |
| 9 (RLIN) | 236217 |
| 852 ## - LOCALIZACIÓN | |
| Ubicación | ES-MaACL |
| Ubicación en estantería | Depósito 2 |
| Número de control de estantería | G-15982(2) |
| Donativo/Legado | Legado: Juan Antonio Porto |
| Encuadernación | Encuadernado con otras obras formando un volumen facticio |
| itemnumber | 202503 |
| 903 ## - NOMBRE PERSONAL DE DONANTE | |
| 9 | 93285 |
| a | Porto, Juan Antonio, |
| q | 1 |
| d | 1937-2021 |
| e | Donante |
| 942 ## - ELEMENTOS DE ENTRADA SECUNDARIOS (KOHA) | |
| Suprimir en OPAC | No |
| Tipo de ítem Koha | Folleto |
No items available.
